000 00807nas a2200265 4500
001 BR7310389
003 BR-BrBNA
005 20231205082659.0
007 ta
008 230509b bl.|||p| |||| 00| 00por d
040 _aBR-BrBNA
_bpor
_cBiblioteca Nacional de Agricultura
041 _a(Pt)
072 _aL73
100 1 _aLucio, W.F.
100 1 _aNogueira, R.H.G.
100 1 _aSilva, J.M.L. da
100 1 _aMello, M.A. de
100 1 _aCarvalho, C.B. de
245 1 _aHiperparatireoidismo secundario renal em cao [Canis familiaris]
650 _aCAO
650 _aRIM
773 0 _tArquivos da Escola de Veterinaria da Universidade Federal de Minas Gerais (Brazil)
_xISSN 0365-8384
_g(1973), v. 25(1) p. 59-66
_wBR7310389
909 _a202311
_bLúcia
_c55
_dLúcia Elande
942 _2AGRIS
_n0
_cANA
999 _c93651
_d93651